000 00320nam a2200145Ia 4500
100 _aWhelan/A
942 _cRB
654 _aMoulding Materials
245 _aInjection Moulding Materials
260 _bApplied Science Pub.
_aLondon
_c1982
082 _a668.4
_bWhe
300 _a398
546 _aENGLISH
999 _c20186
_d20186